MARC details
| 000 -LEADER |
| fixed length control field |
02318cab a22004935a 4500 |
| 001 - CONTROL NUMBER |
| control field |
L146663 |
| 008 - FIXED-LENGTH DATA ELEMENTS--GENERAL INFORMATION |
| fixed length control field |
090212e20090207xxka f g 000 0 eng d |
| 035 ## - SYSTEM CONTROL NUMBER |
| System control number |
(Sirsi) u146663 |
| 041 0# - LANGUAGE CODE |
| Language code of text/sound track or separate title |
eng |
| 100 1# - MAIN ENTRY--PERSONAL NAME |
| Personal name |
Levy, Daniel |
| 245 00 - TITLE STATEMENT |
| Title |
From gold to dust |
| 260 ## - PUBLICATION, DISTRIBUTION, ETC. |
| Date of publication, distribution, etc. |
2009 |
| 490 ## - SERIES STATEMENT |
| Series statement |
Estates Gazette |
| Volume/sequential designation |
(0903) 7 February 2009 |
| 520 ## - SUMMARY, ETC. |
| Summary, etc. |
Discusses leases in a falling market, where tenants may wish to end their lease and landlords are anxious to protect their investments. Looks at recent case history to assess the options available to tenants (including assignments and underlets) and looks at reasons why they might be refused. Also explores landlord options and information packs. |
| 590 ## - LOCAL NOTE (RLIN) |
| Local note |
KA |
| 650 24 - SUBJECT ADDED ENTRY--TOPICAL TERM |
| Topical term or geographic name entry element |
AIR INDIA V BELABEL |
| 650 24 - SUBJECT ADDED ENTRY--TOPICAL TERM |
| Topical term or geographic name entry element |
ALLNATT LONDON PROPERTIES LTD V NEWTON |
| 650 24 - SUBJECT ADDED ENTRY--TOPICAL TERM |
| Topical term or geographic name entry element |
ANGLIA BUILDING SOCIETY V SHEFFIELD CITY COUNCIL |
| 650 24 - SUBJECT ADDED ENTRY--TOPICAL TERM |
| Topical term or geographic name entry element |
LANDLORD AND TENANT (COVENANTS) ACT 1995 |
| 650 24 - SUBJECT ADDED ENTRY--TOPICAL TERM |
| Topical term or geographic name entry element |
LORD TREDEGAR V HARWOOD |
| 650 24 - SUBJECT ADDED ENTRY--TOPICAL TERM |
| Topical term or geographic name entry element |
NCR LTD V RIVERLAND PORTFOLIO NO. 1 LTD (NO. 2) |
| 650 24 - SUBJECT ADDED ENTRY--TOPICAL TERM |
| Topical term or geographic name entry element |
CRESTFORT LTD V TESCO STORES LTD |
| 650 24 - SUBJECT ADDED ENTRY--TOPICAL TERM |
| Topical term or geographic name entry element |
DONG BANG MINERVA (UK) LTD V DAVINA LTD |
| 650 24 - SUBJECT ADDED ENTRY--TOPICAL TERM |
| Topical term or geographic name entry element |
GELAND MANUFACTURING CO V LEVY ESTATES CO LTD |
| 650 24 - SUBJECT ADDED ENTRY--TOPICAL TERM |
| Topical term or geographic name entry element |
INTERNATIONAL DRILLING FLUIDS LTD V LOUISVILLE INVESTMENTS (UXBRIDGE) LTD |
| 650 24 - SUBJECT ADDED ENTRY--TOPICAL TERM |
| Topical term or geographic name entry element |
LANDLORD AND TENANT ACT 1927 |
| 650 24 - SUBJECT ADDED ENTRY--TOPICAL TERM |
| Topical term or geographic name entry element |
LANDLORD AND TENANT ACT 1988 |
| 650 24 - SUBJECT ADDED ENTRY--TOPICAL TERM |
| Topical term or geographic name entry element |
ORIEL PROPERTY TRUST V KIDD |
| 650 24 - SUBJECT ADDED ENTRY--TOPICAL TERM |
| Topical term or geographic name entry element |
PIMMS LTD V TALLOW CHANDLERS COMPANY |
| 650 24 - SUBJECT ADDED ENTRY--TOPICAL TERM |
| Topical term or geographic name entry element |
PONDEROSA INTERNATIONAL DEVELOPMENT INC V PENGAP SECURITIES (BRISTOL) LTD |
| 650 24 - SUBJECT ADDED ENTRY--TOPICAL TERM |
| Topical term or geographic name entry element |
ROYAL BANK OF SCOTLAND PLC V VICTORIA STREET (NO. 3) LTD |
| 650 24 - SUBJECT ADDED ENTRY--TOPICAL TERM |
| Topical term or geographic name entry element |
VENETIAN GLASS GALLERY LTD V NEXT PROPERTIES LTD |
| 650 24 - SUBJECT ADDED ENTRY--TOPICAL TERM |
| Topical term or geographic name entry element |
WARREN V MARKETING EXCHANGE FOR AFRICA |
| 650 24 - SUBJECT ADDED ENTRY--TOPICAL TERM |
| Topical term or geographic name entry element |
ASHWORTH FRAZER LTD V GLOUCESTER CITY COUNCIL |
| 650 24 - SUBJECT ADDED ENTRY--TOPICAL TERM |
| Topical term or geographic name entry element |
BLOCKBUSTER ENTERTAINMENT LTD V LEAKCLIFF PROPERTIES LTD |
| 650 24 - SUBJECT ADDED ENTRY--TOPICAL TERM |
| Topical term or geographic name entry element |
BOCARDO SA V S&M HOTELS LTD |
| 650 24 - SUBJECT ADDED ENTRY--TOPICAL TERM |
| Topical term or geographic name entry element |
BRITISH BAKERIES (MIDLANDS) LTD V MICHAEL TETLER & CO LTD |
| 650 24 - SUBJECT ADDED ENTRY--TOPICAL TERM |
| Topical term or geographic name entry element |
BROMLEY PARK GARDENS ESTATES LTD V MOSS |
| 650 24 - SUBJECT ADDED ENTRY--TOPICAL TERM |
| Topical term or geographic name entry element |
CLINTON CARDS (ESSEX) LTD V SUN ALLIANCE & LONDON ASSURANCE CO LTD |
| 651 #4 - SUBJECT ADDED ENTRY--GEOGRAPHIC NAME |
| Geographic name |
United Kingdom |
| Chronological subdivision |
|
| 690 ## - LOCAL SUBJECT ADDED ENTRY--TOPICAL TERM (OCLC, RLIN) |
| Topical term or geographic name as entry element |
PROPERTY-COMMERCIAL PROPERTY-COMMERCIAL LANDLORD AND TENANT-BUSINESS TENANCIES |
| 700 1# - ADDED ENTRY--PERSONAL NAME |
| Personal name |
Freedman, Philip |
| 942 ## - ADDED ENTRY ELEMENTS (KOHA) |
| Suppress in OPAC |
0 |